Korea at the crossroads : (Record no. 27116)

MARC details
000 -LEADER
campo de control de longitud fija 00998cam a2200337 a 4500
001 - NÚMERO DE CONTROL
campo de control 49975
005 - FECHA Y HORA DE LA ÚLTIMA TRANSACCIÓN
campo de control 20230410103843.0
008 - DATOS DE LONGITUD FIJA--INFORMACIÓN GENERAL
campo de control de longitud fija 070730s2007 ko ab b 000 0 eng c
035 ## - NÚMERO DE CONTROL DEL SISTEMA
Número de control de sistema (OCoLC)ocn159941393
040 ## - FUENTE DE CATALOGACIÓN
Centro catalogador/agencia de origen LWU
Centro/agencia transcriptor LWU
Centro/agencia modificador BUF
020 ## - NÚMERO INTERNACIONAL ESTÁNDAR DEL LIBRO
Número Internacional Estándar del Libro 9788989571469
020 ## - NÚMERO INTERNACIONAL ESTÁNDAR DEL LIBRO
Número Internacional Estándar del Libro 8989571464
035 ## - NÚMERO DE CONTROL DEL SISTEMA
Número de control de sistema (OCoLC)159941393
041 1# - CÓDIGO DE IDIOMA
Código de lengua del texto/banda sonora o título independiente eng
Código de lengua original kor
042 ## - CÓDIGO DE AUTENTICACIÓN
Código de autenticación pcc
043 ## - CÓDIGO DE ÁREA GEOGRÁFICA
Código de área geográfica a-kr---
050 14 - SIGNATURA TOPOGRÁFICA DE LA BIBLIOTECA DEL CONGRESO
Número de clasificación 409 DS 910.18
Número de ítem P139k 2007
049 ## - FONDOS LOCALES (OCLC)
Biblioteca depositaria GRAL
100 1# - ENTRADA PRINCIPAL--NOMBRE DE PERSONA
Nombre de persona Bae, Ki-chan,
Fechas asociadas al nombre 1962-
245 10 - MENCIÓN DEL TÍTULO
Título Korea at the crossroads :
Resto del título the history and future of East Asia /
Mención de responsabilidad, etc. Bae Kichan ; translated by Kim Jin.
250 ## - MENCION DE EDICION
Mención de edición 1st ed.
260 ## - PUBLICACIÓN, DISTRIBUCIÓN, ETC.
Lugar de publicación, distribución, etc. Seoul :
Nombre del editor, distribuidor, etc. Happyreading,
Fecha de publicación, distribución, etc. 2007.
300 ## - DESCRIPCIÓN FÍSICA
Extensión 488 p. :
Otras características físicas ill., maps ;
Dimensiones 23 cm.
500 ## - NOTA GENERAL
Nota general Translation of: Koria, tasi saengjon ui kiro e soda.
504 ## - NOTA DE BIBLIOGRAFÍA, ETC.
Nota de bibliografía, etc. Includes bibliographical references (p. 470-488).
651 #0 - PUNTO DE ACCESO ADICIONAL DE MATERIA--NOMBRE GEOGRÁFICO
Nombre geográfico Korea
Subdivisión general Foreign relations.
650 #0 - PUNTO DE ACCESO ADICIONAL DE MATERIA--TÉRMINO DE MATERIA
Término de materia o nombre geográfico como elemento de entrada World politics.
942 ## - ELEMENTOS DE ENTRADA SECUNDARIOS (KOHA)
Fuente del sistema de clasificación o colocación Clasificación de Library of Congress
Tipo de ítem Koha
946 ## - PROCESAMIENTO DE INFORMACIÓN LOCAL (OCLC)
a clperez
994 ## -
-- C0
-- DRFGD
Holdings
Estatus retirado Estado de pérdida Fuente del sistema de clasificación o colocación Estado de daño No para préstamo Colección Biblioteca de origen Biblioteca actual Ubicación en estantería Fecha de adquisición Serial enumeration / chronology Signatura topográfica completa Código de barras Visto por última vez Copia número Tipo de ítem Koha
    Clasificación de Library of Congress     Recursos Regionales Biblioteca Juan Bosch Biblioteca Juan Bosch Recursos Regionales (2do. Piso) 10/04/2023 1 409 DS 910.18 P139k 2007 00000050854 23/10/2018 1